000 01309nam a22003617a 4500
003 CHAP
005 20220329140340.0
008 971013s1982 r 00010 d
010 _a50797
011 _a51769
035 _a55919
040 _cCHAP
082 _a630.720985
_bP4
100 0 0 _aPlaten, H. Von.
_989131
245 _aSistemas de finca en Acosta Puriscal, Costa Rica
260 _aTurrialba, C.R. :
_bCentro Agronómico Tropical de Investigación y Enseñanza,
_c1982
300 _a146 p.
590 _aBATCH-UPD
_b10
_c20130110
_lUCH01
_h0430
590 _aBATCH-UPD
_b10
_c20130110
_lUCH01
_h2154
590 _aBATCH-UPD
_b10
_c20130410
_lUCH01
_h0105
590 _aBATCH-UPD
_b10
_c20130410
_lUCH01
_h1603
590 _aBATCH-UPD
_b10
_c20130914
_lUCH01
_h0910
590 _aCONVERSION
_b10
_c20130109
_lUCH01
_h1328
650 1 4 _aDesarrollo de la comunidad rural.
_931995
650 1 4 _aExtensión agrícola.
_939144
650 1 4 _aExtensión ganadera.
_939201
700 0 _aLagermann, J.
_964402
710 0 _aCentro Agronómico Tropical de Investigación y Enseñanza. Turrialba, C.R.
_921046
901 _aBK
942 _cLIBRO
949 _a630.720985 P4
_bBC
_cLIBRO
_d33724000045639
_eLIBRO
_fc.2
_h73225
_i55919
_si
949 _a630.720985 P4
_bBC
_cLIBRO
_d33724000045647
_eLIBRO
_h59848
_i55919
_si
999 _c50797
_d50797